| 000 -ლიდერი |
| ფიქსირებული სიგრძის საკონტროლო ველი |
01253nam a2200253Ia 4500 |
| 001 - საკონტროლო ნომერი |
| საკონტროლო ველი |
10539 |
| 003 - საკონტროლო ნომრის იდენტიფიკატორი |
| საკონტროლო ველი |
GE_BSU |
| 005 - ბოლო ოპერაციის თარიღი და დრო |
| საკონტროლო ველი |
20250210170215.0 |
| 008 - ფიქსირებული სიგრძის მონაცემთა ელემენტები - ზოგადი ინფორმაცია |
| ფიქსირებული სიგრძის საკონტროლო ველი |
181216s2013||||ge |||||||||||||| ||g || |
| 020 ## - წიგნის საერთაშორისო სტანდარტული ნომერი |
| International Standard Book Number |
978994122 |
| 040 ## - კატალოგიზაციის წყარო |
| Transcribing agency |
GE_BSU |
| 041 ## - ენის კოდი |
| Language code of text/sound track or separate title |
geo |
| 080 ## - უნივერსალური ათობითი კლასიფიკაციის ინდექსი |
| Universal Decimal Classification number |
342.518+004.738.5 ა-20 |
| 100 ## - მთავარი ჩანაწერი - პიროვნების სახელი |
| Personal name |
აბულაძე, რატი |
| 9 (RLIN) |
24173 |
| 245 ## - ცნობა სათაურის შესახებ |
| Title |
ელექტრონული მთავრობა : |
| Remainder of title |
(ხელისუფლება, ბიზნესი, საზოგადოება, ტექნოლოგია) : (სახელმძღვ.) / |
| Statement of responsibility, etc |
რატი აბულაძე; საქ. საპატრიარქოს წმ. ანდრია პირველწოდებულის სახ. ქართ. უნ-ტი. |
| 264 ## - წარმოების, გამოცემის, დისტრიბუციის და სხვა ცნობები |
| გამოცემის, წარმოების, დისტრიბუციის... ადგილი |
თბილისი ; |
| გამოცემის, წარმოების, დისტრიბუციის... სახელწოდება |
უნივერსალი, |
| გამოცემის, წარმოების, დისტრიბუციის... თარიღი |
2013. |
| 300 ## - ფიზიკური აღწერა |
| Extent |
434 გვ.; |
| Other physical details |
21 სმ. |
| 300 ## - ფიზიკური აღწერა |
| Accompanying material |
ბიბლიოგრ.გვ:407-433 |
| 504 ## - BIBLIOGRAPHY, ETC. NOTE |
| Bibliography, etc |
ბიბლიოგრ.: გვ. 407-433. |
| 653 ## - INDEX TERM--UNCONTROLLED |
| Uncontrolled term |
სამთავრობო მომსახურება ინტერნეტში |
| 653 ## - INDEX TERM--UNCONTROLLED |
| Uncontrolled term |
ელექტრონული მთავრობა |
| 942 ## - ADDED ENTRY ELEMENTS (KOHA) |
| Koha item type |
წიგნი |
| Source of classification or shelving scheme |
|